LEADER 00736nam a2200181 i 4500 001 000000156974 003 CaOOAMICUS 005 20061219000000.0 008 061219n it u000 u ita u 013 $a134329 040 $aSeMil$bita 245 10$aSeconda parte. 490 0 $aI maestri del colore : la pił grande collana d'arte del mondo ;$v155 773 0 $aCausa, Raffaello$tCaravaggio.$dMilano : Fratelli Fabbri Editori, copyr. 1966.$w()17026 830 2$aI maestri del colore : la pił grande collana d'arte del mondo ;$v155.$0(OLS)http://semarc/title/2091 850 $aSeMil 852 $aSeMil$W1$xVenegono$y1$m5G XII 16/155$j108707$B108707$CSeMilBibl$Z2$F118273 $81 996 $6245$aSeconda parte$9(OLS)http://semarc/title/180995 LEADER 00475nab a2200145 i 4500 001 000000261447 003 CaOOAMICUS 005 20050513000000.0 008 050513n xx uu u0 0und r 013 $a2451 040 $aSeMil$bita 245 10$aCanti per la Messa nel Tempo Ordinario. 500 $aMAGGIO 2005 - Supplemento. 773 0 $tCantet vox, cantet vita.$dRoma : AISC, stampa 2005.$w()112905 996 $6245$aCanti per la Messa nel Tempo Ordinario.$9(OLS)http://semarc/title/355632